1942 1652 1926 1120 1399 1000 1637 1149 1099 1618 1568 1231 1186 1561 1845 1979 1363 1729 1317 1346 1277 1375 1722 1826 1241 1704 1595 1451 1478 1425 1113 1109 1034 1766 1687 1067 1460 1878 1967 1003 1146 1017 1642 1522 1480 1442 1351 1070 1389 1737 1949 1040 1246 1590 1621 1421 1300 1508 1907 1060 1978 1981 1054 1714 1887 1520 1254 1242 1479 1713 1425 1868 1572 1666 1406 1866 1229 1712 1898 1728 1877 1620 1809 1632 1695 1388 1478 1845 1631 1529 1237 1420 1242 1752 1557 1925 1728 1564 1406 BCNSPRNW ULIB Ver.6.0+V

เปลี่ยนเป็นภาษาไทย

Change to English
 แสดงรายละเอียดบรรณานุกรม
  กลับหน้าหลัก

Brief Record : Get Marc (ISO 2709) : E-mail record : QR code < ปิดหน้าต่าง
LEADER : 00000nam 2200000uu 4500
001    13399113611
003     ULIB
008    111128s2552||||th 000 0 tha d
020    ^a9786110600255
090    ^aนว.^bL111K 2552
100 0  ^aTheLittleFinger
245 00 ^aKiss of Mars ปฏิบัติการยึดรักข้ามดวงดาว/^cTheLittleFinger
250    ^aพิมพ์ครั้งที่ 1
260    ^aกรุงเทพฯ :^bแจ่มใส,^c2552
300    ^a258 หน้า
710 1  ^aแจ่มใส
945    ^p189^l0^i15822
995    ^aทศพร
999    ^aใช้งานได้ทุกระบบ
รายการนี้ยังไม่มีแท็ก
คุณยังไม่ได้ล็อกอิน คุณสามารถมีกิจกรรมร่วมกับเว็บไซต์ได้ แต่ต้องล็อกอินก่อน ::
  ล็อกอิน

รายการสื่อสารสนเทศ

ลำดับที่ ประเภท เลขเรียก/บาร์โค้ด สถานที่ สถานะ
1. นวนิยาย
นวนิยาย
นว. L111K 2552 ฉ.1 
  Barcode: 15822
ห้องสมุดวิทยาเขตสวรรค์ประชารักษ์
►นวนิยาย
บนชั้น
  ขอยืม

รายการใกล้เคียง
    ผู้แต่ง [TheLittleFinger]

BibComment


ยังไม่เคยถูกคอมเมนท์

คอมเมนท์ทรัพยากรรายการนี้
  คอมเมนท์: Kiss of Mars ปฏิ..


 Copyright 2026. Bcnsprnw @Library